000 00542nam a2200193Ia 4500
005 20250326144821.0
008 250326s9999 xx 000 0 und d
020 _a81-7100-260-9
037 _aTextbook
040 _aFMSL
_beng
_cFMSL
041 _aeng
_2eng
084 _aX:74.1 N0
_qFMSL
100 _aChopra V K
_9520172
245 0 _aCorporate strategy and structure in India
_cChopra V K
260 _aNew Delhi
_bNew Delhi, Deep & Deep
_c1990
300 _a173p
942 _cTB
_hX:74.1 N0
999 _c1305181
_d1305181